[Event "High League 2022 women"]
[Site "Obninsk"]
[Date "2022.06.28"]
[Round "3.3"]
[White "Yakimova, Mariya"]
[Black "Guseva, Marina"]
[Result "0-1"]
[LiveChessVersion "1.4.7"]
[BlackElo "2377"]
[WhiteElo "2201"]

1. d4 {[%clk 1:30:57]} Nf6 {[%clk 1:30:55]} 2. c4 {[%clk 1:31:24]} e6
{[%clk 1:31:21]} 3. g3 {[%clk 1:31:51]} d5 {[%clk 1:31:46]} 4. Nf3
{[%clk 1:32:18]} Bb4+ {[%clk 1:32:12]} 5. Bd2 {[%clk 1:32:46]} Be7
{[%clk 1:32:37]} 6. Bg2 {[%clk 1:33:12]} O-O {[%clk 1:33:03]} 7. O-O
{[%clk 1:33:35]} c6 {[%clk 1:33:31]} 8. Bc3 {[%clk 1:33:52]} b6 {[%clk 1:28:19]}
9. Nbd2 {[%clk 1:33:34]} Bb7 {[%clk 1:27:56]} 10. b4 {[%clk 1:33:20]} Nbd7
{[%clk 1:17:53]} 11. a4 {[%clk 1:32:46]} c5 {[%clk 1:13:14]} 12. bxc5
{[%clk 1:33:10]} bxc5 {[%clk 1:13:41]} 13. Rb1 {[%clk 1:26:28]} Ba6
{[%clk 1:07:27]} 14. Ne5 {[%clk 1:20:04]} Rc8 {[%clk 1:07:38]} 15. Nxd7
{[%clk 1:02:49]} Qxd7 {[%clk 1:07:50]} 16. dxc5 {[%clk 1:02:22]} dxc4
{[%clk 0:54:06]} 17. c6 {[%clk 1:02:21]} Rxc6 {[%clk 0:46:41]} 18. Bxc6
{[%clk 1:02:18]} Qxc6 {[%clk 0:47:10]} 19. Bxf6 {[%clk 0:29:09]} Bxf6
{[%clk 0:47:27]} 20. Qc2 {[%clk 0:28:33]} Rc8 {[%clk 0:43:43]} 21. Ne4
{[%clk 0:26:01]} Be7 {[%clk 0:43:42]} 22. f3 {[%clk 0:17:54]} Qc7
{[%clk 0:26:24]} 23. Kg2 {[%clk 0:17:31]} f5 {[%clk 0:19:51]} 24. Nc3
{[%clk 0:17:48]} Bf6 {[%clk 0:18:16]} 25. Rfd1 {[%clk 0:17:19]} h5
{[%clk 0:18:01]} 26. Nb5 {[%clk 0:13:25]} Bxb5 {[%clk 0:17:50]} 27. Rxb5
{[%clk 0:13:52]} a6 {[%clk 0:16:46]} 28. Rb4 {[%clk 0:12:45]} Kh7
{[%clk 0:16:26]} 29. e4 {[%clk 0:11:47]} Qc5 {[%clk 0:16:18]} 30. Rb7
{[%clk 0:10:26]} c3 {[%clk 0:16:18]} 31. exf5 {[%clk 0:06:52]} Qxf5
{[%clk 0:15:38]} 32. Qxf5+ {[%clk 0:01:56]} exf5 {[%clk 0:16:03]} 33. Rb3
{[%clk 0:00:36]} Rc4 {[%clk 0:16:16]} 34. Ra1 {[%clk 0:00:34]} a5
{[%clk 0:06:37]} 35. f4 {[%clk 0:00:32]} Rb4 {[%clk 0:06:57]} 36. Rba3
{[%clk 0:00:32]} c2 {[%clk 0:06:55]} 37. Rf1 {[%clk 0:00:32]} Rb1
{[%clk 0:07:09]} 0-1

[Event "High League 2022 women"]
[Site "Obninsk"]
[Date "2022.06.28"]
[Round "3.4"]
[White "Charochkina, Daria"]
[Black "Kleymenova, Valeria"]
[Result "1/2-1/2"]
[LiveChessVersion "1.4.7"]
[BlackElo "2177"]
[WhiteElo "2335"]

1. e4 {[%clk 1:30:58]} c5 {[%clk 1:30:54]} 2. c3 {[%clk 1:31:23]} Nf6
{[%clk 1:30:59]} 3. e5 {[%clk 1:31:48]} Nd5 {[%clk 1:31:21]} 4. Nf3
{[%clk 1:32:10]} e6 {[%clk 1:31:29]} 5. d4 {[%clk 1:32:35]} cxd4 {[%clk 1:31:48]}
6. cxd4 {[%clk 1:32:57]} d6 {[%clk 1:31:51]} 7. Bc4 {[%clk 1:33:12]} Nc6
{[%clk 1:31:19]} 8. O-O {[%clk 1:33:26]} Be7 {[%clk 1:31:10]} 9. Qe2
{[%clk 1:33:41]} O-O {[%clk 1:28:56]} 10. Rd1 {[%clk 1:33:23]} Qc7
{[%clk 1:25:36]} 11. Bd2 {[%clk 1:31:22]} a6 {[%clk 1:18:29]} 12. Nc3
{[%clk 1:25:36]} Nxc3 {[%clk 1:13:00]} 13. Bxc3 {[%clk 1:26:00]} b5
{[%clk 1:12:07]} 14. Bd3 {[%clk 1:25:30]} Bb7 {[%clk 1:10:44]} 15. Rac1
{[%clk 0:48:56]} d5 {[%clk 1:05:48]} 16. Bb1 {[%clk 0:47:13]} Qd7
{[%clk 0:58:09]} 17. Qd3 {[%clk 0:45:36]} g6 {[%clk 0:58:21]} 18. h4
{[%clk 0:44:13]} f5 {[%clk 0:53:40]} 19. exf6 {[%clk 0:41:44]} Bxf6
{[%clk 0:53:53]} 20. Re1 {[%clk 0:40:30]} Rae8 {[%clk 0:50:35]} 21. Re2
{[%clk 0:37:52]} Qg7 {[%clk 0:47:09]} 22. a3 {[%clk 0:33:55]} Qh6
{[%clk 0:38:33]} 23. Rce1 {[%clk 0:29:42]} Bc8 {[%clk 0:37:10]} 24. g3
{[%clk 0:27:19]} Bd7 {[%clk 0:34:27]} 25. Nh2 {[%clk 0:22:58]} Qg7
{[%clk 0:31:14]} 26. Rd1 {[%clk 0:22:49]} a5 {[%clk 0:29:28]} 27. Ng4
{[%clk 0:19:59]} b4 {[%clk 0:27:16]} 28. Nxf6+ {[%clk 0:17:50]} Qxf6
{[%clk 0:27:36]} 29. Be1 {[%clk 0:17:32]} e5 {[%clk 0:21:14]} 30. dxe5
{[%clk 0:14:38]} Nxe5 {[%clk 0:21:14]} 31. Qxd5+ {[%clk 0:10:13]} Kh8
{[%clk 0:21:23]} 32. f4 {[%clk 0:09:35]} Bc6 {[%clk 0:15:09]} 33. Qd6
{[%clk 0:09:01]} Nf3+ {[%clk 0:14:10]} 34. Kf1 {[%clk 0:09:01]} Nh2+
{[%clk 0:08:02]} 35. Rxh2 {[%clk 0:08:40]} Bb5+ {[%clk 0:08:28]} 36. Kg2
{[%clk 0:08:27]} Qxd6 {[%clk 0:08:20]} 37. Rxd6 {[%clk 0:08:55]} Rxe1
{[%clk 0:08:39]} 38. Bc2 {[%clk 0:04:00]} bxa3 {[%clk 0:06:24]} 39. bxa3
{[%clk 0:04:18]} Rfe8 {[%clk 0:06:46]} 40. Bd3 {[%clk 0:32:54]} Bxd3
{[%clk 0:33:19]} 41. Rxd3 {[%clk 0:33:10]} R1e3 {[%clk 0:32:45]} 42. Rxe3
{[%clk 0:23:18]} Rxe3 {[%clk 0:33:09]} 43. Rh1 {[%clk 0:23:45]} Rxa3
{[%clk 0:33:26]} 44. h5 {[%clk 0:24:08]} 1/2-1/2

[Event "High League 2022 women"]
[Site "Obninsk"]
[Date "2022.06.28"]
[Round "3.5"]
[White "Miroshnik, Ekaterina"]
[Black "Kovanova, Baira"]
[Result "1/2-1/2"]
[LiveChessVersion "1.4.7"]
[BlackElo "2317"]
[WhiteElo "2169"]

1. Nf3 {[%clk 1:30:57]} Nf6 {[%clk 1:30:49]} 2. g3 {[%clk 1:30:57]} e6
{[%clk 1:26:53]} 3. Bg2 {[%clk 1:31:01]} c5 {[%clk 1:26:44]} 4. O-O
{[%clk 1:30:54]} Nc6 {[%clk 1:27:00]} 5. d4 {[%clk 1:26:22]} cxd4
{[%clk 1:23:54]} 6. Nxd4 {[%clk 1:22:12]} Bc5 {[%clk 1:24:10]} 7. Nb3
{[%clk 1:20:42]} Be7 {[%clk 1:22:56]} 8. c4 {[%clk 1:13:08]} O-O {[%clk 1:20:51]}
9. Nc3 {[%clk 1:12:29]} d6 {[%clk 1:18:40]} 10. Bf4 {[%clk 1:08:08]} h6
{[%clk 1:12:39]} 11. h3 {[%clk 1:03:49]} a5 {[%clk 1:06:39]} 12. Na4
{[%clk 0:57:00]} Ra6 {[%clk 1:01:01]} 13. Rc1 {[%clk 0:51:31]} Bd7
{[%clk 0:50:07]} 14. a3 {[%clk 0:44:16]} Ne5 {[%clk 0:41:17]} 15. Nd2
{[%clk 0:35:33]} Bc6 {[%clk 0:36:02]} 16. Bxc6 {[%clk 0:33:16]} Nxc6
{[%clk 0:35:39]} 17. Nc3 {[%clk 0:27:42]} e5 {[%clk 0:26:38]} 18. Be3
{[%clk 0:28:07]} d5 {[%clk 0:27:05]} 19. cxd5 {[%clk 0:27:13]} Nxd5
{[%clk 0:26:30]} 20. Nxd5 {[%clk 0:22:09]} Qxd5 {[%clk 0:26:57]} 21. Nb3
{[%clk 0:22:31]} Qe6 {[%clk 0:26:43]} 22. Kh2 {[%clk 0:20:37]} Rd8
{[%clk 0:21:03]} 23. Qc2 {[%clk 0:20:02]} a4 {[%clk 0:20:36]} 24. Nc5
{[%clk 0:19:28]} Bxc5 {[%clk 0:20:33]} 25. Bxc5 {[%clk 0:18:38]} Na5
{[%clk 0:18:53]} 26. Bb4 {[%clk 0:12:14]} Nb3 {[%clk 0:16:55]} 27. Rcd1
{[%clk 0:12:27]} Rc8 {[%clk 0:15:19]} 28. Qe4 {[%clk 0:10:31]} Rac6
{[%clk 0:10:22]} 29. Rd5 {[%clk 0:07:17]} Re8 {[%clk 0:07:08]} 30. Bc3
{[%clk 0:03:36]} f6 {[%clk 0:05:14]} 31. Rfd1 {[%clk 0:03:36]} Nc5
{[%clk 0:05:33]} 32. Qg6 {[%clk 0:02:51]} Qf7 {[%clk 0:03:49]} 33. Qf5
{[%clk 0:02:55]} Qe6 {[%clk 0:03:15]} 34. Qg6 {[%clk 0:03:21]} Qf7
{[%clk 0:03:44]} 35. Qf5 {[%clk 0:03:46]} Qe6 {[%clk 0:03:48]} 36. Qg6
{[%clk 0:04:14]} 1/2-1/2

[Event "High League 2022 women"]
[Site "Obninsk"]
[Date "2022.06.28"]
[Round "3.6"]
[White "Voit, Daria"]
[Black "Loskutova, Viktoriya"]
[Result "1/2-1/2"]
[LiveChessVersion "1.4.7"]
[BlackElo "2153"]
[WhiteElo "2317"]

1. Nf3 {[%clk 1:30:40]} d5 {[%clk 1:30:41]} 2. c4 {[%clk 1:30:01]} e6
{[%clk 1:30:47]} 3. g3 {[%clk 1:30:08]} Nf6 {[%clk 1:31:12]} 4. Bg2
{[%clk 1:30:32]} Be7 {[%clk 1:31:27]} 5. d4 {[%clk 1:30:43]} O-O {[%clk 1:31:48]}
6. O-O {[%clk 1:31:09]} c6 {[%clk 1:32:06]} 7. Qc2 {[%clk 1:31:33]} b6
{[%clk 1:32:25]} 8. Nbd2 {[%clk 1:29:30]} Bb7 {[%clk 1:28:14]} 9. b3
{[%clk 1:24:14]} a5 {[%clk 1:23:12]} 10. a3 {[%clk 1:21:43]} Na6 {[%clk 1:22:26]}
11. Bb2 {[%clk 1:20:59]} Rc8 {[%clk 1:20:19]} 12. Rfd1 {[%clk 1:03:05]} c5
{[%clk 1:10:04]} 13. Rac1 {[%clk 1:01:37]} Rc7 {[%clk 1:02:25]} 14. dxc5
{[%clk 0:53:17]} Nxc5 {[%clk 1:00:33]} 15. cxd5 {[%clk 0:34:35]} Bxd5
{[%clk 0:48:08]} 16. Ng5 {[%clk 0:19:50]} h6 {[%clk 0:45:19]} 17. Bxd5
{[%clk 0:18:24]} exd5 {[%clk 0:43:23]} 18. Ngf3 {[%clk 0:14:06]} Qd7
{[%clk 0:37:15]} 19. Qb1 {[%clk 0:09:26]} Rcc8 {[%clk 0:33:01]} 20. Nh4
{[%clk 0:07:08]} Nh7 {[%clk 0:25:44]} 21. Nf5 {[%clk 0:04:50]} Bf6
{[%clk 0:18:44]} 22. Bxf6 {[%clk 0:01:38]} Nxf6 {[%clk 0:19:12]} 23. Rc3
{[%clk 0:01:19]} Rce8 {[%clk 0:10:43]} 24. Re3 {[%clk 0:00:47]} Rxe3
{[%clk 0:08:49]} 25. Nxe3 {[%clk 0:01:14]} Qb5 {[%clk 0:08:36]} 26. b4
{[%clk 0:00:50]} axb4 {[%clk 0:08:34]} 27. axb4 {[%clk 0:00:48]} Na6
{[%clk 0:08:08]} 28. Nf3 {[%clk 0:01:04]} Qxe2 {[%clk 0:06:10]} 29. Nd4
{[%clk 0:01:20]} Qh5 {[%clk 0:06:36]} 30. Nc6 {[%clk 0:01:26]} Nc7
{[%clk 0:04:01]} 31. Ne7+ {[%clk 0:00:41]} Kh8 {[%clk 0:04:30]} 32. N7f5
{[%clk 0:00:33]} Qf3 {[%clk 0:03:33]} 33. Nd4 {[%clk 0:00:35]} Qh5
{[%clk 0:02:12]} 34. Ndf5 {[%clk 0:00:38]} Ng4 {[%clk 0:01:01]} 35. Nxg4
{[%clk 0:00:42]} Qxg4 {[%clk 0:01:30]} 36. Qc2 {[%clk 0:00:46]} Ne6
{[%clk 0:01:36]} 37. Rxd5 {[%clk 0:00:50]} Qxb4 {[%clk 0:01:59]} 38. h4
{[%clk 0:01:06]} Ra8 {[%clk 0:01:42]} 39. Rd1 {[%clk 0:00:57]} Qc5
{[%clk 0:01:39]} 40. Qe4 {[%clk 0:30:45]} Ra2 {[%clk 0:31:04]} 41. Ne3
{[%clk 0:31:03]} b5 {[%clk 0:19:30]} 42. Qb1 {[%clk 0:24:10]} Ra8
{[%clk 0:15:07]} 43. Rd5 {[%clk 0:21:34]} Qc6 {[%clk 0:14:54]} 44. Rxb5
{[%clk 0:18:02]} Rd8 {[%clk 0:14:15]} 1/2-1/2

[Event "High League 2022 women"]
[Site "Obninsk"]
[Date "2022.06.28"]
[Round "3.7"]
[White "Karmanova, Olga Dm."]
[Black "Gritsayeva, Oksana"]
[Result "1-0"]
[LiveChessVersion "1.4.7"]
[BlackElo "2309"]
[WhiteElo "2157"]

1. d4 {[%clk 1:30:57]} Nf6 {[%clk 1:30:45]} 2. c4 {[%clk 1:31:22]} e6
{[%clk 1:30:57]} 3. Nc3 {[%clk 1:31:48]} Bb4 {[%clk 1:30:57]} 4. Bd2
{[%clk 1:32:11]} d5 {[%clk 1:28:07]} 5. e3 {[%clk 1:32:32]} O-O {[%clk 1:28:04]}
6. Nf3 {[%clk 1:32:56]} b6 {[%clk 1:26:50]} 7. cxd5 {[%clk 1:31:03]} exd5
{[%clk 1:26:29]} 8. Rc1 {[%clk 1:31:24]} a6 {[%clk 1:25:12]} 9. Ne5
{[%clk 1:30:16]} Bd6 {[%clk 1:22:01]} 10. Bd3 {[%clk 1:30:03]} Bb7
{[%clk 1:19:09]} 11. O-O {[%clk 1:30:15]} Bxe5 {[%clk 1:16:31]} 12. dxe5
{[%clk 1:30:38]} Nfd7 {[%clk 1:16:54]} 13. f4 {[%clk 1:26:29]} Nc5
{[%clk 1:15:04]} 14. Bb1 {[%clk 1:25:12]} d4 {[%clk 1:14:39]} 15. Ne2
{[%clk 1:15:12]} Qd5 {[%clk 1:04:50]} 16. Rf2 {[%clk 1:14:33]} d3
{[%clk 0:49:17]} 17. Ng3 {[%clk 1:12:18]} Nc6 {[%clk 0:47:39]} 18. b4
{[%clk 1:07:40]} Ne6 {[%clk 0:35:17]} 19. Qg4 {[%clk 1:04:39]} f6
{[%clk 0:27:44]} 20. Bxd3 {[%clk 0:56:23]} Qxd3 {[%clk 0:26:26]} 21. Qxe6+
{[%clk 0:54:10]} Kh8 {[%clk 0:26:38]} 22. Rxc6 {[%clk 0:53:27]} Bxc6
{[%clk 0:27:03]} 23. Qxc6 {[%clk 0:53:54]} fxe5 {[%clk 0:26:16]} 24. f5
{[%clk 0:53:37]} Qb1+ {[%clk 0:25:14]} 25. Rf1 {[%clk 0:52:59]} Qd3
{[%clk 0:24:39]} 26. Ne4 {[%clk 0:48:52]} Rad8 {[%clk 0:24:02]} 27. Bc1
{[%clk 0:39:57]} Qe2 {[%clk 0:20:19]} 28. h3 {[%clk 0:35:47]} h6 {[%clk 0:15:58]}
29. f6 {[%clk 0:32:53]} gxf6 {[%clk 0:06:30]} 30. Rxf6 {[%clk 0:31:24]} Rd1+
{[%clk 0:05:40]} 31. Kh2 {[%clk 0:31:49]} Rxf6 {[%clk 0:05:40]} 32. Qxf6+
{[%clk 0:32:13]} Kg8 {[%clk 0:06:00]} 33. Qe7 {[%clk 0:30:35]} Rf1
{[%clk 0:04:50]} 34. Nf6+ {[%clk 0:30:58]} Rxf6 {[%clk 0:05:11]} 35. Qxf6
{[%clk 0:31:25]} Qc2 {[%clk 0:05:20]} 36. Qd8+ {[%clk 0:31:49]} Kg7
{[%clk 0:05:36]} 37. Qd2 {[%clk 0:31:45]} 1-0

[Event "High League 2022 women"]
[Site "Obninsk"]
[Date "2022.06.28"]
[Round "3.8"]
[White "Fominykh, Maria"]
[Black "Pogorelskikh, Sofia"]
[Result "1/2-1/2"]
[LiveChessVersion "1.4.7"]
[BlackElo "2138"]
[WhiteElo "2219"]

1. Nf3 {[%clk 1:30:58]} d5 {[%clk 1:30:54]} 2. g3 {[%clk 1:31:08]} Nd7
{[%clk 1:31:03]} 3. d4 {[%clk 1:31:02]} Nb6 {[%clk 1:30:52]} 4. Bg2
{[%clk 1:30:59]} Bf5 {[%clk 1:30:45]} 5. O-O {[%clk 1:21:47]} e6 {[%clk 1:30:13]}
6. Nbd2 {[%clk 1:15:01]} Be7 {[%clk 1:30:05]} 7. c4 {[%clk 1:13:38]} c6
{[%clk 1:29:39]} 8. Qb3 {[%clk 1:07:59]} Qc7 {[%clk 1:27:42]} 9. Re1
{[%clk 1:02:27]} Nf6 {[%clk 1:26:51]} 10. Nh4 {[%clk 0:43:30]} dxc4
{[%clk 1:25:21]} 11. Nxc4 {[%clk 0:43:39]} Be4 {[%clk 1:22:30]} 12. Nxb6
{[%clk 0:41:44]} Qxb6 {[%clk 1:21:22]} 13. Qxb6 {[%clk 0:41:41]} axb6
{[%clk 1:21:44]} 14. Bxe4 {[%clk 0:32:51]} Nxe4 {[%clk 1:22:03]} 15. f3
{[%clk 0:32:46]} Nd6 {[%clk 1:06:44]} 16. Ng2 {[%clk 0:30:09]} O-O
{[%clk 1:01:49]} 17. Bd2 {[%clk 0:25:02]} Bf6 {[%clk 1:00:03]} 18. e3
{[%clk 0:20:31]} c5 {[%clk 0:57:11]} 19. dxc5 {[%clk 0:17:00]} bxc5
{[%clk 0:56:22]} 20. Bc3 {[%clk 0:15:52]} Bxc3 {[%clk 0:55:52]} 21. bxc3
{[%clk 0:16:22]} Nc4 {[%clk 0:51:23]} 22. Re2 {[%clk 0:10:48]} Rfd8
{[%clk 0:48:56]} 23. Kf2 {[%clk 0:10:43]} Rd3 {[%clk 0:47:15]} 24. Rc1
{[%clk 0:05:26]} Ra3 {[%clk 0:41:45]} 25. Rec2 {[%clk 0:05:34]} Rd2+
{[%clk 0:39:46]} 26. Rxd2 {[%clk 0:04:40]} Nxd2 {[%clk 0:40:10]} 27. Rc2
{[%clk 0:03:43]} Nb1 {[%clk 0:39:48]} 28. Rb2 {[%clk 0:03:17]} Nxc3
{[%clk 0:39:59]} 29. Rxb7 {[%clk 0:03:46]} Rxa2+ {[%clk 0:40:10]} 30. Kf1
{[%clk 0:03:28]} g6 {[%clk 0:38:24]} 31. Rc7 {[%clk 0:03:54]} Ra1+
{[%clk 0:35:24]} 32. Kf2 {[%clk 0:01:39]} Rc1 {[%clk 0:28:44]} 33. e4
{[%clk 0:00:38]} Rc2+ {[%clk 0:28:37]} 34. Kf1 {[%clk 0:00:56]} Nb5
{[%clk 0:25:44]} 35. Rc8+ {[%clk 0:01:18]} Kg7 {[%clk 0:26:10]} 36. Ne3
{[%clk 0:01:06]} Rc1+ {[%clk 0:24:30]} 37. Kf2 {[%clk 0:01:20]} h5
{[%clk 0:23:30]} 38. h4 {[%clk 0:01:20]} Na3 {[%clk 0:16:13]} 39. e5
{[%clk 0:00:48]} c4 {[%clk 0:15:16]} 40. Ra8 {[%clk 0:30:44]} Nb5
{[%clk 0:44:17]} 41. Ra5 {[%clk 0:25:34]} Nd4 {[%clk 0:29:15]} 42. Ra4
{[%clk 0:24:58]} Rb1 {[%clk 0:21:48]} 43. Nxc4 {[%clk 0:24:40]} Rb3
{[%clk 0:21:42]} 44. Ra3 {[%clk 0:17:59]} Rxa3 {[%clk 0:18:33]} 1/2-1/2

[Event "High League 2022 women"]
[Site "Obninsk"]
[Date "2022.06.28"]
[Round "3.9"]
[White "Satanovskaia, Evgeniia"]
[Black "Grigorieva, Yulia"]
[Result "0-1"]
[LiveChessVersion "1.4.7"]
[BlackElo "2218"]
[WhiteElo "1837"]

1. d4 {[%clk 1:30:58]} Nf6 {[%clk 1:30:54]} 2. c4 {[%clk 1:31:04]} e6
{[%clk 1:31:18]} 3. Nc3 {[%clk 1:30:54]} Bb4 {[%clk 1:31:37]} 4. e3
{[%clk 1:31:14]} O-O {[%clk 1:31:47]} 5. Nge2 {[%clk 1:30:47]} c6
{[%clk 1:31:54]} 6. a3 Ba5 {[%clk 1:32:15]} 7. Qc2 {[%clk 1:29:16]} d5
{[%clk 1:26:50]} 8. Ng3 {[%clk 1:28:49]} Nbd7 {[%clk 1:20:17]} 9. Be2
{[%clk 1:27:43]} dxc4 {[%clk 1:16:07]} 10. Bxc4 {[%clk 1:27:50]} e5
{[%clk 1:12:46]} 11. dxe5 {[%clk 1:25:25]} Nxe5 {[%clk 1:13:01]} 12. Be2
{[%clk 1:25:44]} Bg4 {[%clk 1:00:01]} 13. O-O {[%clk 1:20:42]} Bxe2
{[%clk 0:55:00]} 14. Ncxe2 {[%clk 1:19:55]} Qd3 {[%clk 0:42:40]} 15. Qa4
{[%clk 1:12:58]} Bb6 {[%clk 0:32:03]} 16. b4 {[%clk 0:59:45]} a5 {[%clk 0:27:05]}
17. Bb2 {[%clk 0:50:41]} axb4 {[%clk 0:25:15]} 18. Qxb4 {[%clk 0:49:53]} Nd5
{[%clk 0:23:12]} 19. Qh4 {[%clk 0:42:58]} Ng6 {[%clk 0:22:17]} 20. Qh3
{[%clk 0:41:07]} f5 {[%clk 0:09:41]} 21. Rad1 {[%clk 0:30:49]} Qc2
{[%clk 0:06:31]} 22. Bd4 {[%clk 0:30:06]} Ra4 {[%clk 0:04:16]} 23. Rc1
{[%clk 0:28:34]} Qd3 {[%clk 0:04:26]} 24. Rfd1 {[%clk 0:24:31]} Qa6
{[%clk 0:04:06]} 25. Rc2 {[%clk 0:13:45]} Nde7 {[%clk 0:02:29]} 26. Nh5
{[%clk 0:10:56]} Bxd4 {[%clk 0:01:51]} 27. Nxd4 {[%clk 0:09:33]} Rxa3
{[%clk 0:01:22]} 28. Nxg7 {[%clk 0:07:27]} Rd3 {[%clk 0:00:53]} 29. Rdc1
{[%clk 0:02:08]} Rxd4 {[%clk 0:00:55]} 30. exd4 {[%clk 0:01:20]} Kxg7
{[%clk 0:01:20]} 31. Qb3 {[%clk 0:00:47]} Qa7 {[%clk 0:00:34]} 32. Rb1
{[%clk 0:00:32]} b5 {[%clk 0:00:45]} 33. Qc3 {[%clk 0:00:37]} Rf6
{[%clk 0:00:37]} 34. g3 {[%clk 0:00:35]} Nd5 {[%clk 0:00:48]} 35. Qd2
{[%clk 0:00:43]} f4 {[%clk 0:00:45]} 36. h4 {[%clk 0:00:36]} fxg3
{[%clk 0:00:49]} 37. fxg3 {[%clk 0:01:01]} h5 {[%clk 0:01:04]} 38. Re1
{[%clk 0:00:37]} Qa3 {[%clk 0:00:56]} 39. Kh2 {[%clk 0:00:32]} Qf3
{[%clk 0:01:04]} 40. Ra2 {[%clk 0:30:34]} b4 {[%clk 0:30:48]} 41. Ra7+
{[%clk 0:20:08]} Rf7 {[%clk 0:27:06]} 42. Rea1 {[%clk 0:18:36]} Ne3
{[%clk 0:21:13]} 43. Rxf7+ {[%clk 0:05:01]} Kxf7 {[%clk 0:21:37]} 44. d5
{[%clk 0:01:56]} Ne5 {[%clk 0:19:36]} 45. Kg1 {[%clk 0:00:35]} Qxg3+
{[%clk 0:19:41]} 46. Kh1 {[%clk 0:00:55]} Qxh4+ {[%clk 0:19:59]} 0-1

[Event "High League 2022 women"]
[Site "Obninsk"]
[Date "2022.06.28"]
[Round "3.10"]
[White "Getman, Tatyana"]
[Black "Garifullina, Leya"]
[Result "0-1"]
[LiveChessVersion "1.4.7"]
[BlackElo "2398"]
[WhiteElo "2148"]

1. d4 {[%clk 1:30:58]} Nf6 {[%clk 1:30:45]} 2. c4 {[%clk 1:31:20]} e6
{[%clk 1:31:08]} 3. Nf3 {[%clk 1:31:42]} d5 {[%clk 1:31:02]} 4. Nc3
{[%clk 1:32:01]} Bb4 {[%clk 1:31:02]} 5. Qa4+ {[%clk 1:32:10]} Nc6
{[%clk 1:28:22]} 6. a3 {[%clk 1:32:19]} Bxc3+ {[%clk 1:27:51]} 7. bxc3
{[%clk 1:32:43]} Bd7 {[%clk 1:24:14]} 8. cxd5 {[%clk 1:32:35]} exd5
{[%clk 1:24:24]} 9. Qc2 {[%clk 1:31:33]} O-O {[%clk 1:22:11]} 10. Bg5
{[%clk 1:31:32]} h6 {[%clk 1:21:11]} 11. Bh4 {[%clk 1:31:52]} g5 {[%clk 1:14:44]}
12. Bg3 {[%clk 1:32:13]} Ne4 {[%clk 1:13:40]} 13. e3 {[%clk 1:32:10]} Re8
{[%clk 1:07:54]} 14. Bd3 {[%clk 1:31:26]} Bf5 {[%clk 1:03:09]} 15. O-O
{[%clk 1:29:06]} Na5 {[%clk 0:57:33]} 16. Ne5 {[%clk 1:19:55]} Nc4
{[%clk 0:51:57]} 17. Nxc4 {[%clk 1:14:57]} dxc4 {[%clk 0:52:20]} 18. Bxe4
{[%clk 1:15:16]} Bxe4 {[%clk 0:52:31]} 19. Qd2 {[%clk 1:10:39]} Bd3
{[%clk 0:50:58]} 20. Rfe1 {[%clk 1:09:28]} c5 {[%clk 0:47:50]} 21. f3
{[%clk 1:07:07]} cxd4 {[%clk 0:44:15]} 22. exd4 {[%clk 1:06:17]} Qd5
{[%clk 0:42:53]} 23. Re3 {[%clk 0:55:14]} f6 {[%clk 0:40:16]} 24. Rxd3
{[%clk 0:43:48]} cxd3 {[%clk 0:38:22]} 25. Qxd3 {[%clk 0:44:15]} Qf7
{[%clk 0:34:58]} 26. c4 {[%clk 0:41:49]} Rad8 {[%clk 0:33:07]} 27. a4
{[%clk 0:37:42]} Kg7 {[%clk 0:30:51]} 28. a5 {[%clk 0:35:03]} Qg6
{[%clk 0:26:13]} 29. Qd2 {[%clk 0:32:35]} Rd7 {[%clk 0:23:28]} 30. d5
{[%clk 0:29:59]} Qf5 {[%clk 0:21:42]} 31. Bf2 {[%clk 0:26:58]} a6
{[%clk 0:19:15]} 32. Bd4 {[%clk 0:20:51]} Rc8 {[%clk 0:18:27]} 33. Rc1
{[%clk 0:18:32]} Kf7 {[%clk 0:17:30]} 34. Bb2 {[%clk 0:16:26]} Re8
{[%clk 0:15:59]} 35. Qd4 {[%clk 0:14:18]} Re2 {[%clk 0:14:27]} 36. Kf1
{[%clk 0:12:42]} Re8 {[%clk 0:14:38]} 37. Kf2 {[%clk 0:09:01]} h5
{[%clk 0:13:48]} 38. Rd1 {[%clk 0:05:47]} h4 {[%clk 0:13:22]} 39. Rd2
{[%clk 0:04:44]} Kg6 {[%clk 0:11:56]} 40. Bc3 {[%clk 0:32:43]} Rde7
{[%clk 0:36:14]} 41. d6 {[%clk 0:22:45]} Rd7 {[%clk 0:30:50]} 42. c5
{[%clk 0:17:48]} Qe6 {[%clk 0:26:50]} 43. Qd3+ {[%clk 0:17:40]} Kg7
{[%clk 0:26:28]} 44. Rd1 {[%clk 0:17:37]} Rf7 {[%clk 0:22:55]} 45. Re1
{[%clk 0:15:47]} Qa2+ {[%clk 0:23:05]} 46. Kf1 {[%clk 0:15:59]} Rxe1+
{[%clk 0:22:47]} 47. Bxe1 {[%clk 0:16:23]} Qe6 {[%clk 0:21:12]} 48. Bc3
{[%clk 0:13:57]} Rf8 {[%clk 0:18:47]} 49. Kf2 {[%clk 0:13:22]} Re8
{[%clk 0:18:28]} 50. Bd2 {[%clk 0:12:56]} h3 {[%clk 0:18:24]} 51. g3
{[%clk 0:11:00]} Qe5 {[%clk 0:16:08]} 52. Be3 {[%clk 0:05:45]} Qb2+
{[%clk 0:14:58]} 53. Bd2 {[%clk 0:04:59]} Qa1 {[%clk 0:13:03]} 54. d7
{[%clk 0:01:42]} Rd8 {[%clk 0:13:26]} 55. f4 {[%clk 0:01:28]} Qh1
{[%clk 0:11:16]} 56. Qd6 {[%clk 0:01:14]} Qxh2+ {[%clk 0:11:34]} 57. Kf3
{[%clk 0:01:40]} Qh1+ {[%clk 0:10:32]} 58. Kg4 {[%clk 0:01:56]} Qd1+
{[%clk 0:10:28]} 59. Kf5 {[%clk 0:02:00]} Qb1+ {[%clk 0:10:24]} 60. Kg4
{[%clk 0:02:28]} Kg6 {[%clk 0:10:04]} 61. Qe6 {[%clk 0:00:31]} Qd1+
{[%clk 0:09:51]} 62. Kxh3 {[%clk 0:01:00]} Rh8+ {[%clk 0:10:09]} 63. Kg2
{[%clk 0:01:27]} Qxd2+ {[%clk 0:10:34]} 64. Kf3 {[%clk 0:00:31]} Qd1+
{[%clk 0:10:49]} 65. Kg2 {[%clk 0:00:45]} Qh1+ {[%clk 0:11:11]} 0-1

[Event "High League 2022 women"]
[Site "Obninsk"]
[Date "2022.06.28"]
[Round "3.11"]
[White "Bodnaruk, Anastasia"]
[Black "Potapova, Margarita"]
[Result "1-0"]
[LiveChessVersion "1.4.7"]
[BlackElo "2216"]
[WhiteElo "2390"]

1. e4 {[%clk 1:30:39]} c6 {[%clk 1:30:33]} 2. d4 {[%clk 1:29:10]} d5
{[%clk 1:30:50]} 3. e5 {[%clk 1:29:01]} Bf5 {[%clk 1:31:05]} 4. Nd2
{[%clk 1:23:23]} e6 {[%clk 1:30:50]} 5. Nb3 {[%clk 1:23:49]} c5 {[%clk 1:28:33]}
6. dxc5 {[%clk 1:19:25]} Bxc5 {[%clk 1:27:56]} 7. Nxc5 {[%clk 1:18:07]} Qa5+
{[%clk 1:28:18]} 8. c3 {[%clk 1:18:34]} Qxc5 {[%clk 1:28:44]} 9. Nf3
{[%clk 1:12:24]} Qc7 {[%clk 1:06:43]} 10. Bd3 {[%clk 1:04:10]} Bxd3
{[%clk 0:59:33]} 11. Qxd3 {[%clk 1:04:35]} Nc6 {[%clk 0:59:48]} 12. O-O
{[%clk 1:03:55]} Nge7 {[%clk 0:59:20]} 13. Re1 {[%clk 1:01:54]} Ng6
{[%clk 0:46:43]} 14. Qe2 {[%clk 0:53:59]} O-O-O {[%clk 0:42:26]} 15. h4
{[%clk 0:41:49]} h5 {[%clk 0:39:58]} 16. b4 {[%clk 0:34:53]} Rde8
{[%clk 0:27:56]} 17. c4 {[%clk 0:29:57]} Nxb4 {[%clk 0:24:56]} 18. Ba3
{[%clk 0:28:02]} Nc6 {[%clk 0:24:46]} 19. Bd6 {[%clk 0:12:54]} Qd7
{[%clk 0:23:31]} 20. Qc2 {[%clk 0:10:13]} d4 {[%clk 0:19:25]} 21. Rab1
{[%clk 0:08:30]} Nge7 {[%clk 0:18:35]} 22. c5 {[%clk 0:04:34]} Nf5
{[%clk 0:13:29]} 23. Qa4 {[%clk 0:03:29]} f6 {[%clk 0:03:27]} 24. Rb3
{[%clk 0:03:56]} fxe5 {[%clk 0:00:38]} 25. Reb1 {[%clk 0:02:34]} Nxd6
{[%clk 0:00:45]} 26. cxd6 {[%clk 0:03:03]} Qxd6 {[%clk 0:00:33]} 27. Rxb7
{[%clk 0:03:08]} Kd8 {[%clk 0:00:41]} 28. Rc1 {[%clk 0:02:31]} 1-0